Statistics for Top 20 Most Jewish Countries

Click here to take the quiz!

General Stats

  • This quiz has been taken 5,667 times
  • The average score is 14 of 20

Answer Stats

% country % Correct
74.20Israel
99%
2.10United States
99%
0.44United Kingdom
95%
1.04Canada
93%
0.68France
92%
0.14Germany
92%
0.12Russia
89%
0.45Australia
73%
0.25Belgium
70%
0.17Netherlands
69%
0.13Ukraine
67%
0.22Switzerland
66%
0.15Sweden
66%
0.40Argentina
64%
0.15New Zealand
62%
0.49Hungary
58%
0.12South Africa
50%
0.25Latvia
41%
0.48Uruguay
25%
0.24Panama
12%

Score Distribution

Percentile by Number Answered

Percent of People with Each Score

Your Score History

You have not taken this quiz